| 000 | 01399nam a2200265 a 4500 | ||
|---|---|---|---|
| 001 | 000316438 | ||
| 003 | AM-YeHGA | ||
| 005 | 20250618072018.0 | ||
| 008 | 040310s1984 ai a|||gr|||||||||1|arm|d | ||
| 040 | _aAM-YeHGA | ||
| 041 | 1 |
_aarm _hrus |
|
| 100 | 1 | _aԿորչակ, Յ. | |
| 245 | 1 | 0 |
_aՄաթիուշ Առաջին թագավորը ; : _bՄաթիուշ թագավորը անմարդաբնակ կղզում : [Հեքիաթ-վիպակներ] / _cՅ. Կորչակ ; Ռուս. թարգմ.՝ Պ. Մարտիրոսյան, Ա. Ղուկասյան ; Խմբ.՝ Լ. Սարգսյան; Վերջաբ.՝ Վ. Սմիրնովա ; Նկ.՝ Ռ. Բաբայան. |
| 260 |
_aԵրևան : _bՍովետական գրող, _c1984. |
||
| 300 |
_a432 էջ : _b[1] դիմանկ., նկ. ; _c22 սմ. |
||
| 650 | 1 | 4 |
_aԼեհական գրականություն _xՀեքիաթ-վիպակ |
| 700 | 1 |
_aՄարտիրոսյան, Պարգև _eթարգմ. _4trl |
|
| 700 | 1 |
_aՂուկասյան, Ամալյա Արմենակի, _d1928-2016 _eթարգմ. _4trl _92664 |
|
| 700 | 1 |
_aՍարգսյան, Լիպարիտ Տիգրանի, _d1938-2023 _eխմբ. _4edt _91060 |
|
| 700 | 1 |
_aՍմիրնովա, Վերա _eվերջաբ. _4aft |
|
| 700 | 1 |
_aԲաբայան, Ռաֆայել Սուրենի, _d1927-1994 _eնկ. _4art _92853 |
|
| 740 | 0 | 2 | _aՄաթիուշ թագավորը անմարդաբնակ կղզում |
| 942 |
_2udc _cBK |
||
| 090 | _c118746 | ||
| 999 |
_c117398 _d117398 |
||